| 000 | 00448 a2200157 4500 | ||
|---|---|---|---|
| 999 |
_c6190 _d6190 |
||
| 020 | _a9781779031310 | ||
| 050 | _aGE 105 WIT 2002 | ||
| 100 |
_aWitt, Sylvia _eauthor |
||
| 245 |
_aStep in environmental science: _bgrade 3 pupils' book/ _cSylvia Witt & David Witt |
||
| 264 |
_aHarare: _bLongman _c1997 |
||
| 300 |
_a90p.: _bill. |
||
| 500 | _aText | ||
| 650 | _aEnvironmental science | ||
| 700 |
_aWitt, David _eauthor |
||
| 942 |
_2lcc _cBK _h105 _iWIT _kGE |
||